00619nam a22001937a 450000500170000000800410001701000140005802000150007202000160008703500130010308200130011610000250012924501290015426000390028326000090032230000170033150000500034870000270039820081022114242.0081022t xxu||||| |||| 00| 0 eng d aENG-84299 a0195686721 c595.00 (hb) aEN-67832 a330.954  aChakravorty, Sanjoy  aMade in India :bthe economic geography and political economy of industrialization /cby Sanjoy Chakravorty adn Somik V Lall aNew DelhibOxford University Press c2007 ax,238pc22cm aIncludes bibliographical references and index aLall, Somik Vcjt auth